Most common Japanese surnames starting with S - Statistics

General Stats
  • This quiz has been taken 16 times
  • The average score is 10 of 30
Answer Stats
Rank Name % Correct
5 Saito
86%
1 Sato
86%
2 Suzuki
86%
6 Sakamoto
71%
3 Sasaki
64%
4 Shimizu
57%
8 Sakai
50%
9 Shimada
50%
23 Sakata
43%
7 Shibata
36%
10 Sugiyama
36%
13 Sano
29%
16 Sawada
29%
25 Shibuya
29%
11 Sugawara
29%
12 Sakurai
21%
15 Seki
21%
17 Sudo
21%
14 Sugimoto
21%
30 Sugita
21%
29 Saeki
14%
20 Shoji
14%
22 Sugiura
14%
18 Sakaguchi
7%
27 Sakuma
7%
19 Sekiguchi
7%
21 Shinohara
7%
24 Sekine
0%
28 Shirai
0%
26 Shiraishi
0%
No matching quizzes found
Score Distribution
Percent of People with Each Score
Percentile by Number Answered
Your Score History
You have not taken this quiz